FNAF Labyrinth Lyrics - Statistics

General Stats
  • This quiz has been taken 103 times
  • The average score is 217 of 303
Answer Stats
Lyrics % Correct
I
96%
a
94%
the
92%
THE
92%
you
90%
You
90%
YOU
90%
AN
88%
IT
88%
it
88%
and
87%
And
87%
AND
87%
your
87%
Your
87%
YOUR
87%
in
85%
to
85%
be
83%
IS
83%
is
83%
It's
83%
it's
83%
never
83%
NEVER
83%
of
83%
OF
83%
So
83%
SO
83%
THIS
83%
this
83%
(This
83%
day,
81%
day
81%
LABYRINTH
81%
new
81%
shine
81%
time
81%
Time
81%
where
81%
Where
81%
WHERE
81%
all
79%
All
79%
bright
79%
no
79%
they
79%
will
79%
WILL
79%
do
77%
hands
77%
take
77%
we
77%
We
77%
career
75%
into
75%
money,
75%
money
75%
that
75%
THAT
75%
what
75%
YOU'VE
75%
you've
75%
Freddy's
73%
on
73%
own
73%
Spend
73%
stars,
73%
closing
71%
Closing
71%
For
71%
for
71%
I'M
71%
Just
71%
JUST
71%
just
71%
band
69%
careful
69%
hear
69%
hide?
69%
part
69%
SEE,
69%
SORRY,
69%
why
69%
become
67%
BEEN
67%
hiding
67%
inside
67%
make
67%
MORE
67%
NOTHING
67%
supplies,
67%
can
65%
ENDLESS
65%
ENDS
65%
ends)
65%
FIND
65%
know
65%
made
65%
Order
65%
STORY
65%
story
65%
were
65%
what's
65%
about
63%
align
63%
CHILDREN
63%
clean
63%
messes
63%
NEAR
63%
NEVER-ENDING
63%
THEM
63%
them
63%
up
63%
anything,
62%
bring
62%
can't
62%
Cause
62%
CIRCLES
62%
CRIES
62%
DON'T
62%
Don't
62%
every
62%
FEAR
62%
MISINFORMED
62%
OUT
62%
SEEM
62%
sure
62%
voices
62%
wonder
62%
advertise
60%
But
60%
buy
60%
Come
60%
prove
60%
REACH
60%
plan
58%
side
58%
Wait,
58%
business
56%
CHASING
56%
Gotta
56%
responsibility
56%
whatever
56%
souls,
52%
friends
50%
one
50%
place
48%
together
48%
together,
48%
now
44%
play
44%
gathered
42%
here
42%
these
42%
We'll
42%
appreciate
40%
gift
40%
(~Father,
38%
proud~)
38%
Thank
38%
complete
37%
defend
37%
off
37%
try
37%
done.
35%
Forget
35%
created
33%
job
33%
obsolete
33%
spent
33%
you're
31%
We've
21%
No matching quizzes found
Score Distribution
Percent of People with Each Score
Percentile by Number Answered
Your Score History
You have not taken this quiz